000 00735nam a2200217Ia 4500
001 15859
003 GE_BSU
008 181216s||||||||xx |||||||||||||| ||und||
040 _cGE_BSU
080 _a821.353.1-2
100 _aჭილაძე, თამაზ
245 _aმკვლელობა. დავიწყებული ამბავი
245 _bპიესები
245 _cმხ.მ.ნონიკაშვილი
260 _aთბილისი
260 _bსაქ. თეატრალური საზ-ბა
260 _c1976
300 _a144გვ. ; 20სმ.
653 _aმკვლელობა. დავიწყებული ამბავი
942 _cBK
999 _c48956
_d48956